000 01156nam a2200301 i 4500
003 DO-SdBNP
005 20240528191003.0
006 a||||gr|||| 00| 0
007 ta
008 230518e2001 dr ad gr|||| 001 e spa d
020 _a9993433462
040 _aDO-SdBNP
_bspa
_cBNPHU
_erda
082 4 _222
_bA791p
111 1 _aArticulación de las políticas económicas y sociales
_n(1:
_d2001:
_cJuan Dolio, República Dominicana)
_983415
245 1 0 _aArticulación de las políticas económicas y sociales. /
_cJafrey Lizardo, editor.
264 3 1 _aSanto Domingo :
_bINDES,
_bBDI,
_c2001
300 _a232 páginas :
_bilustraciones, gráficos ;
_c23 cm
336 _2rdaconten
_atexto
_btxt
337 _2rdamedia
_asin medición
_bn
338 _2rdacarreir
_avolumen
_bnc
500 _aIncluye bibliografía y notas al pie de páginas
590 _aInventariado 2023 / MF
700 _a Lizardo, Jafrey
_eeditor
_983416
710 2 _973236
_aInstituto Interamericano de Desarrollo Social (República Dominicana).
710 2 _aBanco Interamericano de Desarrollo
_99655
710 2 _aInstituto Tecnológico de Santo Domingo
_978911
942 _2ddc
_cLBS1
999 _c53566
_d53566